000 00990pam a2200277 a 4500
999 _c47278
_d47278
001 1558528
005 20190806133252.0
008 920221s1992 ilua b 001 0 eng
010 _a 92004824
020 _a0830813381
040 _aDLC
_cDLC
_dDLC
043 _an-us---
100 1 _aShelley, Bruce L.
_q(Bruce Leon),
_d1927-
245 1 4 _aThe consumer church :
_bcan evangelicals win the world without losing their souls? /
_cby Bruce Shelley & Marshall Shelley.
260 _aDowners Grove, Ill. :
_bInterVarsity Press,
_cc1992.
300 _a256 p. :
_bill. ;
_c21 cm.
336 _atext
337 _aunmediated
338 _avolume
504 _aIncludes bibliographical references (p. [251]-254) and index.
650 0 _aEvangelicalism
_zUnited States.
650 0 _aChurch and the world.
700 1 _aShelley, Marshall.
942 _2lcc
_cBK